000 00798nam a22001817a 4500
003 NUST-PNEC
005 20170116180722.0
008 141027b xxu||||| |||| 00| 0 eng d
040 _cPNEC
082 _a621.02 LOW
100 _9840
_aLow David Allan
245 _aA pocket-book for mechanical engineers
_cDavid Allan Low
260 _aLondon, New York, Bombay,
_bLongmans, Green and Co.,
_cc.1898.
300 _avii, [1], 740 pages
_btables, diagrams
_c16 cm
500 _ahttps://www.worldcat.org/title/pocket-book-for-mechanical-engineers/oclc/16359197&referer=brief_results http://www.amazon.com/POCKET-BOOK-FOR-MECHANICAL-ENGINEERS/dp/B00A27SI5A/ref=sr_1_2?ie=UTF8&qid=1414398321&sr=8-2&keywords=pocket+book+for+mechanical+engineer+by+david+allan+low
650 _xME
942 _2ddc
_cBK
999 _c61423
_d61423